00847nam a22002417a 450000500170000001000160001702000270003303500130006003700130007308200130008610000130009924501130011225000130022526000310023827000850026930000290035450000190038370000140040270000220041694200270043899900190046595201210048420160802155852.0 a ENG-115624 a9789351436768c2495.00 aEN-99156 bDBAD/PUB a347.5406 aRatanlal aRatanlal & Dhirajlal's the law of evidence /cby Ratanlal [and] Dhirajlal ; reviced by Shakil Ahmad Khan a25th ed  aGurgaonbLexis Nexisc2013 a14th Floor, Building No 10, Tower-B, DLF Cyber City, Phase-ll, bGurgaone122002 acdxxxii,2037p.c24cm(Hb) aIncludes index aDhirajLal aShakil Ahmad Khan 2ddccENmRATh347.5406 c101750d101750 001040718REFaLbLd2016-08-02eDBAD/PUBg2495.00l0o347.5406 RATpEN-99156r2016-08-02 00:00:00t1v2495.00yEN